Capitales avec la lettre O comme troisième lettre - Statistiques

Statistiques générales
  • Ce quiz a été pris 109 fois
  • Le résultat moyen est 5 sur 9
Statistiques - réponses
Réponse % Correct
Stockholm
80%
Georgetown
63%
Pyongyang
61%
Séoul
59%
Skopje
59%
Yaoundé
41%
Djouba
39%
São Tomé
32%
Abou Dabi
23%
Aucun quiz correspondant
Distribution des résultats
% des personnes avec chaque résultat
Percentile par nombre de réponses
Votre historique - résultats
Vous n’avez pas pris ce quiz